Haiden Henderson Sudden Death - Statistics

General Stats
  • This quiz has been taken 8 times
  • The average score is 6 of 14
Answers on the Grid
Answers color-coded by a green-red scale on the quiz's grid according to % correct below.
TV
Therapy
Still Online
Sorry to Your Next Ex
Something Blue
RUSH
Senses
RUNRUNRUN
Unless
Role
PRETTY PLEASE
Play Pretend
Pretty Little Addict
HOMESICK
Wasted
Parasite
LOCK ME OUT
lipstick
lips
killer queen
AA
K.O. - Acoustic
istillfeelthesame
I'm Scared I'll Never Sleep Again
Harmony
Figure You Out
Good Grief!
Ghost
Fresh Blood
Anxiety
HELL ON ME
flight attendant
Flashback
Darkest Hour
killed the kid
Fine Without Me
Drinking with Cupid
good TV
Chemicals
BLEED MY LOVE
 
Answer Stats
Answer % Correct
Pretty Little Addict
100%
Sorry to Your Next Ex
100%
Parasite
80%
lips
60%
Unless
60%
AA
40%
Wasted
40%
Chemicals
20%
flight attendant
20%
Good Grief!
20%
killed the kid
20%
Fresh Blood
0%
good TV
0%
Harmony
0%
No matching quizzes found
Score Distribution
Percent of People with Each Score
Percentile by Number Answered
Your Score History
You have not taken this quiz